Т. 1; Творения

Bibliografiska uppgifter
Parent link:Творения: в 4 т./ Афанасий Великий. Т. 1.— Репринтное изд. 1902-1903 гг..— , 1994
Språk:ryska
Publicerad: 1994
Ämnen:
Materialtyp: Bok
KOHA link:https://koha.lib.tpu.ru/cgi-bin/koha/opac-detail.pl?biblionumber=38265

MARC

LEADER 00000nam2a2200000 4500
001 38265
005 20231101210502.0
010 |a 5730208111 
035 |a (RuTPU)RU\TPU\book\38968 
090 |a 38265 
100 |a 20020228e19941902km y0rusy50 ca 
101 0 |a rus 
102 |a RU 
105 |a y z 001zy 
200 0 |a Т. 1 
210 |d 1994 
215 |a 476 с. 
320 |a Библиогр.: с. 472-478. 
461 1 |0 (RuTPU)RU\TPU\book\38967  |t Творения  |o в 4 т.  |f Афанасий Великий   |v Т. 1  |e Репринтное изд. 1902-1903 гг.  |d 1994  |s Памятники церковной письменности 
600 0 |a Афанасий Великий 
606 |a Редкие книги  |2 stltpush  |3 (RuTPU)RU\TPU\subj\67540  |9 83297 
606 |a Православие  |x История  |2 stltpush  |3 (RuTPU)RU\TPU\subj\51083  |9 69694 
610 1 |a религия 
610 1 |a христианство 
610 1 |a Никейский собор 
686 |a Э372-3  |v LBC/SL-A  |2 rubbk 
686 |a Ч611.68  |v LBC/SL-A  |2 rubbk 
801 1 |a RU  |b 63413507  |c 20020228  |g PSBO 
801 2 |a RU  |b 63413507  |c 20180221  |g PSBO 
942 |c BK